LEADER 01351nam a2200277 a 4500 001 000000167510 003 CaOOAMICUS 005 20180507093343.0 008 180507s1996 it u000 u ita r 020 $a88-7648-247-4* 032 $aLibriCat 040 $aPUL$bita 110 2 $aCentro regionale universitario per il teatro del Piemonte.$bConvegno internazionale$d(1993 :$dTorino).$0(OLS)http://pul/name/107965 245 10$aFantasmi femminili nel castello dell'inconscio maschile :$batti del Convegno internazionale, Torino, 8-9 marzo 1993 /$cCentro regionale universitario per il teatro del Piemonte. 260 $aGenova :$bCosta & Nolan,$c©1996. 300 $a254 p. ;$c22 cm. 504 $aBibliografia in nota. 650 4$aPsicologia$xInconscio.$0(OLS)http://pul/subject/29498 650 4$aInconscio.$0(OLS)http://pul/subject/11948 850 $aPUL 852 $aPUL$W1$xDP1 Fondo Dalla Palma$y117$m2 E 16$j131352$qFondi$B195158$CPULBib$Z2$F195158 $HDal2906 $81 941 1 $a1 996 $6020$a88-7648-247-4*$9(OLS)http://pul/number/163939 996 $6245$aFantasmi femminili nel castello dell'inconscio maschile :$batti del Convegno internazionale, Torino, 8-9 marzo 1993$9(OLS)http://pul/title/207581 996 $6260$aGenova :$bCosta & Nolan$9(OLS)http://pul/publisher/82394 LEADER 01939nam a2200361 a 4500 001 000000171864 003 CaOOAMICUS 005 20190509132213.0 008 190509s2019 it u001 u ita r 032 $aLibriCat 040 $aPUL$bita 041 1 $aita$hfre 100 1 $aFoucault, Michel,$d1926-1984.$0(OLS)http://pul/name/1075 240 10$aThéories et institutions pénales Italiano.$0(OLS)http://pul/title/212716 245 10$aTeorie e istituzioni penali : corso al Collège de France (1971-1972) / $cMichel Foucault ; edizione stabilita da Bernard E. Harcourt sotto la direzione di Francois Ewald e Alessandro Fontana ; con la collaborazione di Elisabetta Basso (trascrizione del testo) ; Claude-Olivier Doron (note e apparato critico) e il contributo di Daniel Defert ; edizione italiana a cura di Deborah Borca e Pier Aldo Rovatti. 260 $aMilano :$bFeltrinelli,$c2019. 300 $a344 p. ;$c22 cm 490 1 $aCampi del sapere 504 $aBibliografia in nota in fine ai capitoli. 650 4$aRepressione.$0(OLS)http://pul/subject/45955 650 4$aGiustizia.$0(OLS)http://pul/subject/5671 700 1 $aHarcourt, Bernard E.$0(OLS)http://pul/name/110342 700 1 $aBorca, Deborah.$0(OLS)http://pul/name/110340 700 1 $aDefert, Daniel.$0(OLS)http://pul/name/110339 700 1 $aRovatti, Pier Aldo,$d1942-$0(OLS)http://pul/name/34519 700 1 $aDoron, Claude-Olivier.$0(OLS)http://pul/name/110341 830 0$aCampi del sapere (Feltrinelli).$0(OLS)http://pul/title/20268 850 $aPUL 852 $aPUL$W1$xSL Diritto e Scienze Sociali 3$y79$m323. 044 FOUMI 1$j195717$qDDC 21$B200563$CPULBib$Z2$F200563 $H132630 $82 941 1 $a9 996 $6245$aTeorie e istituzioni penali : corso al Collège de France (1971-1972) / $9(OLS)http://pul/title/212717 996 $6260$aMilano :$bFeltrinelli$9(OLS)http://pul/publisher/48846